Statistics for NBA 2K16 Top Players

Click here to take the quiz!

General Stats

  • This quiz has been taken 8,143 times
  • The average score is 8 of 10

Answer Stats

RatingPlayer% Correct
94LeBron James
99%
93Stephen Curry
98%
91Kevin Durant
92%
89Russell Westbrook
87%
92James Harden
85%
90Chris Paul
76%
92Anthony Davis
75%
88Blake Griffin
52%
88Carmelo Anthony
52%
88LaMarcus Aldridge
36%

Score Distribution

Percentile by Number Answered

Percent of People with Each Score

Your Score History

You have not taken this quiz